Immigration of South Africa by Country - Statistics

General Stats
  • This quiz has been taken 26 times
  • The average score is 15 of 18
Answer Stats
# Country % Correct
227,770 Lesotho
96%
416,564 Mozambique
96%
1,012,059 Zimbabwe
96%
27,350 India
91%
36,140 Namibia
91%
61,282 United Kingdom
91%
8,976 Botswana
87%
17,635 D. R. Congo
87%
198,807 Malawi
87%
15,006 Pakistan
87%
23,328 Republic of the Congo
87%
24,718 Nigeria
83%
24,625 Zambia
83%
20,894 Bangladesh
70%
58,131 Ethiopia
70%
12,139 Germany
70%
15,838 Somalia
70%
7,615 Portugal
17%
No matching quizzes found
Score Distribution
Percent of People with Each Score
Percentile by Number Answered
Your Score History
You have not taken this quiz